Normal view
MARC view
Entry Personal Name
001 - CONTROL NUMBER
- control field: 56405
003 - CONTROL NUMBER IDENTIFIER
- control field: dpl
005 - DATE AND TIME OF LATEST TRANSACTION
- control field: 20230912124731.0
008 - FIXED-LENGTH DATA ELEMENTS
- fixed length control field: 230912|| aca||aabn | a|a d
040 ## - CATALOGING SOURCE
- Original cataloging agency: dpl
- Transcribing agency: dpl
100 ## - HEADING--PERSONAL NAME
- Personal name: जैन, अक्षय कुमार
670 ## - SOURCE DATA FOUND
- Source citation: Work cat.: (dpl)198022: जैन, अक्षय कुमार , देश-विदेश के महापुरुष /, 2020
